Britain and China.

Bibliographic Details
Main Author: Luard, Evan, 1926-
Format: Book
Language:English
Published: Baltimore : Johns Hopkins Press, [1962]
Series:Britain in the world today.
Subjects:

MARC

Tag First Indicator Second Indicator Subfields
LEADER 00000cam a2200000 4500
001 in00000068789
005 20151008050838.0
008 730423s1962 mdu 00000 eng u
010 |a  62007522  
035 |a (OCoLC)00608070 
035 |9 AAG3772AM 
040 |c TOL  |d TXA  |d UtOrBLW 
049 |a TXAM  |c [412765] 
050 0 0 |a DA47.9.C6  |b L8 
082 0 |a 327.42051 
092 |a 327.42  |b L926b 
100 1 |a Luard, Evan,  |d 1926- 
245 1 0 |a Britain and China. 
264 1 |a Baltimore :  |b Johns Hopkins Press,  |c [1962] 
264 4 |c [©1962] 
300 |a 256 pages ;  |c 23 cm. 
336 |a text  |b txt  |2 rdacontent 
337 |a unmediated  |b n  |2 rdamedia 
338 |a volume  |b nc  |2 rdacarrier 
490 1 |a Britain in the world today 
651 0 |a Great Britain  |x Foreign relations  |z China. 
651 0 |a China  |x Foreign relations  |z Great Britain. 
830 0 |a Britain in the world today. 
999 |a MARS 
999 f f |s 025be155-dc23-3d8d-82ef-43b60eff6191  |i 1de6dad0-0353-3a49-92e9-a811b7148cd1  |t 0 
952 f f |p ric  |a Texas A&M University  |b Rellis Campus  |c Joint Library Facility  |d Remote Storage  |t 0  |e DA47.9.C6 L8  |h Library of Congress classification  |i unmediated -- volume  |m A14800674610 
998 f f |a DA47.9.C6 L8  |t 0  |l Remote Storage